Statistics for Top 15 Hockey Films (IMDB)

Click here to take the quiz!

General Stats

  • This quiz has been taken 35 times
  • The average score is 3 of 15

Answer Stats

FilmYearIMDB% Correct
Miracle20047.4
89%
Slap Shot19777.3
71%
Goon20116.8
36%
Happy Gilmore19967.0
25%
Mystery, Alaska19996.7
18%
The Cutting Edge19926.9
7%
Indian Horse20177.2
4%
Inside Out20158.2
4%
The Rocket20057.6
4%
Bon Cop, Bad Cop20066.7
0%
Breakfast with Scot20076.7
0%
Ice20186.8
0%
Legend No. 1720137.4
0%
Love Story19706.9
0%
The Hockey Champ19397.0
0%

Score Distribution

Percentile by Number Answered

Percent of People with Each Score

Your Score History

You have not taken this quiz